[Event "CZE-ch02 final email "]
[Site "Czechia"]
[Date "2003.??.??"]
[Round "?"]
[White "Bucek, Jiri"]
[Black "Priesol, Daniel"]
[Result "1/2-1/2"]
[WhiteElo "2320"]
[BlackElo "2304"]
[PlyCount "35"]
[EventDate "2004.??.??"]
[EventType "tourn (corr)"]
[EventRounds "16"]
[EventCountry "CZE"]
[EventCategory "3"]
[SourceTitle "Corr 2006"]
[Source "ChessBase"]
[SourceDate "2006.04.01"]
[SourceVersion "3"]
[SourceVersionDate "2006.04.01"]
[SourceQuality "1"]

1. e4 c5 2. Nf3 d6 3. d4 cxd4 4. Nxd4 Nf6 5. Nc3 a6 6. Bg5 e6 7. f4 Qb6 8. a3 Nbd7 9. Be2 Be7 10. Nb3 h6 11. Bxf6 Bxf6 12. Qd2 Qc7 13. Rd1 Bxc3 14. bxc3 0-0 15. 0-0 d5 16. exd5 exd5 17. Qxd5 Qxc3 18. Bd3 1/2-1/2

[Event "CZE-ch03 sf email"]
[Site "Czechia"]
[Date "2003.??.??"]
[Round "?"]
[White "Bures, Jilji"]
[Black "Priesol, Daniel"]
[Result "1-0"]
[WhiteElo "2295"]
[BlackElo "2304"]
[PlyCount "75"]
[EventDate "2003.??.??"]
[EventType "tourn (corr)"]
[EventRounds "16"]
[EventCountry "CZE"]
[SourceTitle "Corr 2006"]
[Source "ChessBase"]
[SourceDate "2006.04.01"]
[SourceVersion "3"]
[SourceVersionDate "2006.04.01"]
[SourceQuality "1"]

1. e4 c5 2. Nf3 d6 3. d4 cxd4 4. Nxd4 Nf6 5. Nc3 a6 6. Be3 e6 7. Qd2 b5 8. f3 Nbd7 9. g4 h6 10. 0-0-0 Bb7 11. h4 b4 12. Na4 d5 13. Bh3 g5 14. hxg5 hxg5 15. Bxg5 dxe4 16. Bxf6 Qxf6 17. g5 Qe7 18. g6 Ne5 19. gxf7+ Nxf7 20. Bxe6 Rxh1 21. Rxh1 Rd8 22. Qe3 Qf6 23. c3 bxc3 24. bxc3 Ne5 25. Rh7 Ba8 26. f4 Qg6 27. Ra7 Bd5 28. Bxd5 Nd3+ 29. Kb1 Rxd5 30. Nb2 Nxb2 31. Ra8+ Rd8 32. Rxd8+ Kxd8 33. Kxb2 Bh6 34. Qh3 Bg7 35. Qe6 Qg2+ 36. Nc2 Qg3 37. Qd5+ Kc7 38. Qc5+ 1-0

[Event "CZE-ch02 final email "]
[Site "Czechia"]
[Date "2003.??.??"]
[Round "?"]
[White "Gubas, Jan"]
[Black "Priesol, Daniel"]
[Result "1/2-1/2"]
[WhiteElo "2347"]
[BlackElo "2304"]
[PlyCount "30"]
[EventDate "2004.??.??"]
[EventType "tourn (corr)"]
[EventRounds "16"]
[EventCountry "CZE"]
[EventCategory "3"]
[SourceTitle "Corr 2006"]
[Source "ChessBase"]
[SourceDate "2006.04.01"]
[SourceVersion "3"]
[SourceVersionDate "2006.04.01"]
[SourceQuality "1"]

1. e4 e5 2. Nf3 Nf6 3. Nc3 Nc6 4. Bb5 Bb4 5. 0-0 0-0 6. d3 Bxc3 7. bxc3 d6 8. Bg5 h6 9. Bh4 Qe7 10. Nd2 Nd8 11. Bc4 Ne6 12. Bxe6 Qxe6 13. Bg3 Qg4 14. Qxg4 Bxg4 15. h3 Be6 1/2-1/2

[Event "CZE-ch02 final email "]
[Site "Czechia"]
[Date "2003.??.??"]
[Round "?"]
[White "Hybl, Vladislav"]
[Black "Priesol, Daniel"]
[Result "1-0"]
[WhiteElo "2309"]
[BlackElo "2304"]
[PlyCount "67"]
[EventDate "2004.??.??"]
[EventType "tourn (corr)"]
[EventRounds "16"]
[EventCountry "CZE"]
[EventCategory "3"]
[SourceTitle "Corr 2006"]
[Source "ChessBase"]
[SourceDate "2006.04.01"]
[SourceVersion "3"]
[SourceVersionDate "2006.04.01"]
[SourceQuality "1"]

1. e4 c5 2. Nf3 d6 3. d4 cxd4 4. Nxd4 Nf6 5. Nc3 a6 6. Be2 e5 7. Nb3 Be7 8. 0-0 0-0 9. Be3 Be6 10. Nd5 Nbd7 11. Qd3 Bxd5 12. exd5 Re8 13. c4 Bf8 14. Rac1 g6 15. Nd2 Bg7 16. b4 e4 17. Qb3 a5 18. a3 axb4 19. axb4 b6 20. Rfe1 Qc7 21. Nb1 Ne5 22. Nc3 Neg4 23. Nb5 Qd8 24. Bf4 Ne5 25. Qe3 h6 26. h3 Ra4 27. Rb1 Kh7 28. Ra1 Rxb4 29. Bxe5 dxe5 30. Na7 Nxd5 31. cxd5 Qxd5 32. Red1 Qc5 33. Qxc5 bxc5 34. Rd7 1-0

[Event "CZE-ch03 sf email"]
[Site "Czechia"]
[Date "2003.??.??"]
[Round "?"]
[White "Kuta, Jiri"]
[Black "Priesol, Daniel"]
[Result "1-0"]
[WhiteElo "2326"]
[BlackElo "2304"]
[PlyCount "69"]
[EventDate "2003.??.??"]
[EventType "tourn (corr)"]
[EventRounds "16"]
[EventCountry "CZE"]
[SourceTitle "Corr 2006"]
[Source "ChessBase"]
[SourceDate "2006.04.01"]
[SourceVersion "3"]
[SourceVersionDate "2006.04.01"]
[SourceQuality "1"]

1. d4 Nf6 2. c4 e6 3. Nc3 Bb4 4. Qc2 0-0 5. a3 Bxc3+ 6. Qxc3 b6 7. Bg5 Bb7 8. e3 d6 9. f3 Nbd7 10. Nh3 Rc8 11. Bd3 h6 12. Bh4 c5 13. 0-0 cxd4 14. Qxd4 Qe7 15. e4 e5 16. Qe3 Nc5 17. Rad1 Nxd3 18. Qxd3 Rfd8 19. Nf2 g5 20. Bg3 Qe6 21. b3 a6 22. Rd2 Rc6 23. Nd1 Rdc8 24. Ne3 b5 25. Rfd1 Ne8 26. Be1 a5 27. cxb5 Rc3 28. Qe2 Rxb3 29. a4 Ra3 30. Nd5 g4 31. f4 Bxd5 32. exd5 Qf5 33. fxe5 Rxa4 34. b6 Rb4 35. Qa6 1-0

[Event "CZE-ch02 final email "]
[Site "Czechia"]
[Date "2003.??.??"]
[Round "?"]
[White "Priesol, Daniel"]
[Black "Firla, Stanislav"]
[Result "0-1"]
[WhiteElo "2304"]
[BlackElo "2344"]
[PlyCount "138"]
[EventDate "2004.??.??"]
[EventType "tourn (corr)"]
[EventRounds "16"]
[EventCountry "CZE"]
[EventCategory "3"]
[SourceTitle "Corr 2006"]
[Source "ChessBase"]
[SourceDate "2006.04.01"]
[SourceVersion "3"]
[SourceVersionDate "2006.04.01"]
[SourceQuality "1"]

1. e4 c5 2. Nf3 d6 3. d4 cxd4 4. Nxd4 Nf6 5. Nc3 a6 6. Bg5 e6 7. f4 Qb6 8. Nb3 Nbd7 9. Qf3 Qa7 10. Bh4 b5 11. Bd3 Be7 12. Bf2 Qc7 13. 0-0 Bb7 14. Rad1 0-0 15. a3 Nc5 16. Nd4 h6 17. Rfe1 Rac8 18. Re2 Rfd8 19. Ree1 h5 20. h3 Qb8 21. Re3 Rd7 22. Ree1 Nxd3 23. Qxd3 Qa8 24. Re2 Rxc3 25. Qxc3 Bxe4 26. Bh4 Bd8 27. Qe1 Bd5 28. b3 Qa7 29. Kh2 Qc5 30. b4 Qc4 31. Re3 Bb7 32. Red3 Rc7 33. Qe2 Be7 34. Bxf6 Bxf6 35. R1d2 Rc8 36. Qe3 h4 37. Nf3 Bd5 38. Nd4 Qc7 39. Nf3 Bxf3 40. Qxf3 d5 41. Kh1 g6 42. Re2 Qd6 43. Qf1 Rc4 44. Rf3 Qc7 45. Qc1 Bg7 46. Ref2 Bd4 47. Re2 Ba7 48. c3 Bd4 49. f5 gxf5 50. g4 f4 51. Qxf4 Qxf4 52. Rxf4 Bxc3 53. Rf3 Bd4 54. Kg2 Kg7 55. Ra2 Kg6 56. Kf1 Be5 57. Raf2 f6 58. Re2 Rc6 59. Rfe3 Kg5 60. Kg2 d4 61. Rd3 Rc1 62. Rf3 Rd1 63. Rc2 Bf4 64. Rc8 e5 65. Rd8 Rc1 66. Rg8+ Kh6 67. Rh8+ Kg6 68. Rg8+ Kf7 69. Ra8 Bg5 0-1

[Event "CZE-ch02 final email "]
[Site "Czechia"]
[Date "2003.??.??"]
[Round "?"]
[White "Priesol, Daniel"]
[Black "Postl, Rostislav"]
[Result "1/2-1/2"]
[WhiteElo "2304"]
[BlackElo "2251"]
[PlyCount "69"]
[EventDate "2004.??.??"]
[EventType "tourn (corr)"]
[EventRounds "16"]
[EventCountry "CZE"]
[EventCategory "3"]
[SourceTitle "Corr 2006"]
[Source "ChessBase"]
[SourceDate "2006.04.01"]
[SourceVersion "3"]
[SourceVersionDate "2006.04.01"]
[SourceQuality "1"]

1. d4 Nf6 2. c4 e6 3. Nc3 Bb4 4. e3 0-0 5. Bd3 d5 6. Nf3 c5 7. 0-0 Nc6 8. a3 Bxc3 9. bxc3 dxc4 10. Bxc4 Qc7 11. Bb5 Bd7 12. Rb1 Ne7 13. Bd3 c4 14. Bc2 Bc6 15. Ne5 Be4 16. f3 Bxc2 17. Qxc2 Nd7 18. Nxd7 Qxd7 19. e4 Rac8 20. Rb4 Nc6 21. Qa4 Rfd8 22. Rxc4 a6 23. Rc5 b5 24. Qb3 Na5 25. Qb4 Rxc5 26. Qxc5 Nc4 27. Qb4 e5 28. d5 a5 29. Qb3 a4 30. Qb1 f5 31. Rd1 f4 32. Qb4 g5 33. Qb1 g4 34. Qd3 Qa7+ 35. Kf1 1/2-1/2

[Event "CZE-ch03 sf email"]
[Site "Czechia"]
[Date "2003.??.??"]
[Round "?"]
[White "Priesol, Daniel"]
[Black "Pytlik, Leszek"]
[Result "1/2-1/2"]
[WhiteElo "2304"]
[BlackElo "2316"]
[PlyCount "53"]
[EventDate "2003.??.??"]
[EventType "tourn (corr)"]
[EventRounds "16"]
[EventCountry "CZE"]
[SourceTitle "Corr 2006"]
[Source "ChessBase"]
[SourceDate "2006.04.01"]
[SourceVersion "3"]
[SourceVersionDate "2006.04.01"]
[SourceQuality "1"]

1. d4 Nf6 2. c4 e6 3. Nc3 Bb4 4. e3 0-0 5. Bd3 d5 6. Nf3 c5 7. 0-0 dxc4 8. Bxc4 cxd4 9. exd4 b6 10. Bg5 Bb7 11. Rc1 Nbd7 12. Re1 Rc8 13. Bd3 Re8 14. Qe2 Bxc3 15. bxc3 Qc7 16. Ne5 Nxe5 17. dxe5 Qc6 18. Qf1 Qc5 19. Bb5 Rf8 20. Bxf6 gxf6 21. exf6 Qf5 22. Ba6 Bxa6 23. Qxa6 Rc7 24. Re3 Qxf6 25. Rf3 Qe5 26. Qd3 Qd5 27. Qe3 1/2-1/2

[Event "CZE-ch02 final email "]
[Site "Czechia"]
[Date "2003.??.??"]
[Round "?"]
[White "Priesol, Daniel"]
[Black "Pytlik, Leszek"]
[Result "1/2-1/2"]
[WhiteElo "2304"]
[BlackElo "2316"]
[PlyCount "53"]
[EventDate "2004.??.??"]
[EventType "tourn (corr)"]
[EventRounds "16"]
[EventCountry "CZE"]
[EventCategory "3"]
[SourceTitle "Corr 2006"]
[Source "ChessBase"]
[SourceDate "2006.04.01"]
[SourceVersion "3"]
[SourceVersionDate "2006.04.01"]
[SourceQuality "1"]

1. d4 Nf6 2. c4 g6 3. Nc3 Bg7 4. e4 d6 5. Be2 0-0 6. Nf3 e5 7. 0-0 Nc6 8. d5 Ne7 9. b4 Nh5 10. Re1 f5 11. Ng5 Nf6 12. Bf3 c6 13. Be3 f4 14. Bc1 h6 15. Ne6 Bxe6 16. dxe6 Nc8 17. b5 Qe7 18. bxc6 bxc6 19. c5 dxc5 20. Ba3 Nb6 21. Na4 Rfd8 22. Qc2 Nxa4 23. Qxa4 Qxe6 24. Bxc5 Nd7 25. Rec1 Nxc5 26. Rxc5 Rd4 27. Qxc6 1/2-1/2

[Event "CZE-ch02 final email "]
[Site "Czechia"]
[Date "2003.??.??"]
[Round "?"]
[White "Priesol, Daniel"]
[Black "Vozda, Jindrich"]
[Result "0-1"]
[WhiteElo "2304"]
[BlackElo "2494"]
[PlyCount "78"]
[EventDate "2004.??.??"]
[EventType "tourn (corr)"]
[EventRounds "16"]
[EventCountry "CZE"]
[EventCategory "3"]
[SourceTitle "Corr 2006"]
[Source "ChessBase"]
[SourceDate "2006.04.01"]
[SourceVersion "3"]
[SourceVersionDate "2006.04.01"]
[SourceQuality "1"]

1. e4 e6 2. d4 d5 3. Nc3 Bb4 4. Nge2 dxe4 5. a3 Bxc3+ 6. Nxc3 Nc6 7. d5 exd5 8. Qxd5 Be6 9. Qxe4 Nf6 10. Qh4 Qe7 11. Be3 0-0-0 12. Bb5 Nd5 13. Qxe7 Ndxe7 14. 0-0 a6 15. Be2 Nf5 16. Bf4 Nfd4 17. Bd3 Bf5 18. Bxf5+ Nxf5 19. Rfd1 h6 20. Kf1 g5 21. Bd2 Nfd4 22. Rac1 Rhe8 23. Be3 Nf5 24. Rxd8+ Rxd8 25. h3 Nxe3+ 26. fxe3 f5 27. Ke2 Kd7 28. Na4 b6 29. Rd1+ Ke6 30. Rxd8 Nxd8 31. Nc3 Nf7 32. g3 Nd6 33. Nd1 Ne4 34. g4 Kf6 35. a4 Kg6 36. Nf2 Nxf2 37. Kxf2 fxg4 38. hxg4 h5 39. gxh5+ Kxh5 0-1

[Event "CZE-chT B3 corr"]
[Site "Czech Republic"]
[Date "2000.??.??"]
[Round "?"]
[White "Fiala, Jaroslav"]
[Black "Priesol, Daniel"]
[Result "1/2-1/2"]
[WhiteElo "2425"]
[BlackElo "2260"]
[PlyCount "91"]
[EventDate "2000.??.??"]
[EventType "team (corr)"]
[EventRounds "14"]
[EventCountry "CZE"]
[SourceTitle "Corr 2002"]
[Source "ChessBase"]
[SourceDate "2002.05.23"]
[SourceVersion "1"]
[SourceVersionDate "2002.05.23"]
[SourceQuality "1"]

1. e4 e5 2. Nf3 Nf6 3. Nc3 Nc6 4. d4 exd4 5. Nxd4 Bb4 6. Nxc6 bxc6 7. Bd3 d5 8. exd5 cxd5 9. 0-0 0-0 10. Bg5 Bxc3 11. bxc3 h6 12. Bh4 Re8 13. Re1 Rxe1+ 14. Qxe1 Be6 15. Qe3 c6 16. a4 Ng4 17. Bxd8 Nxe3 18. Be7 Nc4 19. Rb1 Ne5 20. Kf1 Re8 21. Rb7 a5 22. f4 Nxd3 23. cxd3 f6 24. Ke2 Bh3 25. gxh3 Kf7 26. Kf3 Rxe7 27. Rb6 Re1 28. Rxc6 Ra1 29. Rc5 Rxa4 30. Rxd5 g5 31. c4 Ra2 32. f5 h5 33. d4 Rxh2 34. Rxa5 Rxh3+ 35. Ke4 h4 36. Ra7+ Kg8 37. d5 Rc3 38. d6 Rxc4+ 39. Kd5 Rc1 40. d7 Rd1+ 41. Ke6 h3 42. Ra1 Rd2 43. Ra2 Rd1 44. Ra3 h2 45. Rh3 Re1+ 46. Kxf6 1/2-1/2

[Event "CZE-chT B3 corr"]
[Site "Czech Republic"]
[Date "2000.??.??"]
[Round "?"]
[White "Kosek, Lubomir"]
[Black "Priesol, Daniel"]
[Result "1/2-1/2"]
[WhiteElo "2115"]
[BlackElo "2260"]
[PlyCount "42"]
[EventDate "2000.??.??"]
[EventType "team (corr)"]
[EventRounds "14"]
[EventCountry "CZE"]
[SourceTitle "Corr 2002"]
[Source "ChessBase"]
[SourceDate "2002.05.23"]
[SourceVersion "1"]
[SourceVersionDate "2002.05.23"]
[SourceQuality "1"]

1. e4 c6 2. d4 d5 3. exd5 cxd5 4. c4 Nf6 5. Nc3 e6 6. Nf3 Bb4 7. Bd2 dxc4 8. Bxc4 0-0 9. 0-0 Nbd7 10. Qb3 Be7 11. Rac1 Nb6 12. Bd3 Nbd5 13. Nxd5 Qxd5 14. Qxd5 Nxd5 15. Be4 b6 16. Bxd5 exd5 17. Rfe1 Be6 18. h3 Rac8 19. Ng5 Bxg5 20. Bxg5 Rxc1 21. Rxc1 Rc8 1/2-1/2

[Event "CZE-chT B3 corr"]
[Site "Czech Republic"]
[Date "2000.??.??"]
[Round "?"]
[White "Mezera, Lukas"]
[Black "Priesol, Daniel"]
[Result "1/2-1/2"]
[WhiteElo "2105"]
[BlackElo "2260"]
[PlyCount "54"]
[EventDate "2000.??.??"]
[EventType "team (corr)"]
[EventRounds "14"]
[EventCountry "CZE"]
[SourceTitle "Corr 2002"]
[Source "ChessBase"]
[SourceDate "2002.05.23"]
[SourceVersion "1"]
[SourceVersionDate "2002.05.23"]
[SourceQuality "1"]

1. e4 e5 2. Nf3 Nf6 3. Nc3 Nc6 4. d4 exd4 5. Nxd4 Bb4 6. Nxc6 bxc6 7. Bd3 d5 8. exd5 cxd5 9. 0-0 0-0 10. Bg5 c6 11. Na4 h6 12. Bh4 Re8 13. c3 Bd6 14. Re1 Rxe1+ 15. Qxe1 Bd7 16. Bg3 Bxg3 17. hxg3 Qa5 18. Bc2 Re8 19. Qd2 c5 20. b4 cxb4 21. cxb4 Qc7 22. Nc5 Qe5 23. Rc1 Bb5 24. Bd3 Bc4 25. Nd7 Nxd7 26. Bxc4 dxc4 27. Qxd7 Rb8 1/2-1/2

[Event "CZE-chT B3 corr"]
[Site "Czech Republic"]
[Date "2000.??.??"]
[Round "?"]
[White "Priesol, Daniel"]
[Black "Beter, Daniel"]
[Result "1/2-1/2"]
[WhiteElo "2260"]
[BlackElo "2200"]
[PlyCount "79"]
[EventDate "2000.??.??"]
[EventType "team (corr)"]
[EventRounds "14"]
[EventCountry "CZE"]
[SourceTitle "Corr 2002"]
[Source "ChessBase"]
[SourceDate "2002.05.23"]
[SourceVersion "1"]
[SourceVersionDate "2002.05.23"]
[SourceQuality "1"]

1. e4 e5 2. Nf3 Nf6 3. d4 Nxe4 4. Bd3 d5 5. Nxe5 Nd7 6. Nxd7 Bxd7 7. 0-0 Qh4 8. c4 0-0-0 9. c5 g5 10. f3 Nf6 11. Be3 Rg8 12. Nc3 g4 13. g3 Qh5 14. f4 Bg7 15. Re1 Rge8 16. Qb3 Ne4 17. Bxe4 dxe4 18. d5 c6 19. Rad1 Bxc3 20. bxc3 cxd5 21. Rxd5 f5 22. Rd6 Bc6 23. Red1 Rxd6 24. cxd6 a6 25. Qb6 Qf7 26. Bc5 e3 27. Bxe3 Re6 28. Rd2 Qd7 29. Qc5 Kd8 30. a4 Ke8 31. a5 Re4 32. Kf2 Kf7 33. Bd4 Re8 34. Be5 Kg8 35. Qb6 Rc8 36. c4 Re8 37. Qc7 Rc8 38. Ke3 Kf7 39. Qxd7+ Bxd7 40. Kd4 1/2-1/2

[Event "CZE-chT B3 corr"]
[Site "Czech Republic"]
[Date "2000.??.??"]
[Round "?"]
[White "Priesol, Daniel"]
[Black "Rybakova, Ivana"]
[Result "1/2-1/2"]
[WhiteElo "2260"]
[BlackElo "2000"]
[PlyCount "34"]
[EventDate "2000.??.??"]
[EventType "team (corr)"]
[EventRounds "14"]
[EventCountry "CZE"]
[SourceTitle "Corr 2002"]
[Source "ChessBase"]
[SourceDate "2002.05.23"]
[SourceVersion "1"]
[SourceVersionDate "2002.05.23"]
[SourceQuality "1"]

1. e4 e5 2. Nf3 Nc6 3. d4 exd4 4. Nxd4 Qf6 5. Nxc6 Bc5 6. Qd2 dxc6 7. Nc3 Qe7 8. Bd3 Nf6 9. 0-0 0-0 10. Qg5 h6 11. Qh4 Re8 12. Na4 Bd6 13. f3 Bd7 14. Be3 Rad8 15. Rfd1 c5 16. Nc3 Be6 17. Qf2 c6 1/2-1/2

[Event "CZE-chT B3 corr"]
[Site "Czech Republic"]
[Date "2000.??.??"]
[Round "?"]
[White "Staufcik, Robert"]
[Black "Priesol, Daniel"]
[Result "1/2-1/2"]
[WhiteElo "2000"]
[BlackElo "2260"]
[PlyCount "55"]
[EventDate "2000.??.??"]
[EventType "team (corr)"]
[EventRounds "14"]
[EventCountry "CZE"]
[SourceTitle "Corr 2002"]
[Source "ChessBase"]
[SourceDate "2002.05.23"]
[SourceVersion "1"]
[SourceVersionDate "2002.05.23"]
[SourceQuality "1"]

1. e4 e5 2. Nf3 Nf6 3. Nxe5 d6 4. Nf3 Nxe4 5. d4 d5 6. Bd3 Be7 7. 0-0 Nc6 8. Re1 Bg4 9. c3 f5 10. Qb3 0-0 11. Nbd2 Na5 12. Qa4 Nc6 13. Bb5 Nxd2 14. Nxd2 Qd6 15. h3 Bh5 16. Nb3 Bh4 17. Nc5 Nd8 18. Bf1 c6 19. Nd3 Ne6 20. b3 Rfe8 21. Ne5 Bf6 22. Bd3 g6 23. b4 Qc7 24. Bd2 Bg7 25. Rab1 f4 26. Qc2 Qe7 27. Bf1 Qh4 28. Qd3 1/2-1/2

[Event "CZE-chT B3 corr"]
[Site "Czech Republic"]
[Date "2000.??.??"]
[Round "?"]
[White "Travnik, Petr"]
[Black "Priesol, Daniel"]
[Result "1/2-1/2"]
[WhiteElo "2145"]
[BlackElo "2260"]
[PlyCount "116"]
[EventDate "2000.??.??"]
[EventType "team (corr)"]
[EventRounds "14"]
[EventCountry "CZE"]
[SourceTitle "Corr 2002"]
[Source "ChessBase"]
[SourceDate "2002.05.23"]
[SourceVersion "1"]
[SourceVersionDate "2002.05.23"]
[SourceQuality "1"]

1. d4 Nf6 2. c4 g6 3. Nc3 d5 4. Nf3 Bg7 5. Qb3 dxc4 6. Qxc4 0-0 7. e4 Na6 8. Be2 c5 9. d5 e6 10. 0-0 exd5 11. exd5 Re8 12. Be3 Qb6 13. Rad1 Bf5 14. d6 h6 15. Na4 Qc6 16. b3 Rac8 17. Qc1 Kh7 18. Nc3 Nd7 19. Bb5 Qb6 20. Bc4 Qa5 21. Bd2 Nb4 22. a3 Nd3 23. Qa1 N3e5 24. Nxe5 Nxe5 25. Nb5 Qa6 26. Bc3 Nxc4 27. bxc4 Bxc3 28. Qxc3 Red8 29. Rfe1 Qa4 30. d7 Rxd7 31. Rxd7 Bxd7 32. Nd6 Be6 33. Nxc8 Bxc8 34. Qe3 Qxc4 35. Rc1 Qa4 36. Qxc5 Be6 37. h3 a6 38. Qb4 Qd7 39. Qf4 Qd3 40. Rc7 Qxa3 41. Rxb7 Qa1+ 42. Kh2 Bd5 43. Ra7 Be6 44. Qd6 Bc4 45. Qc5 Be6 46. Ra8 h5 47. f4 Qb2 48. Qe5 Qxe5 49. fxe5 Bc4 50. h4 Kg7 51. Kg3 Bf1 52. Kf3 Bc4 53. Ra7 Bd5+ 54. Kf4 Bc4 55. g3 Kg8 56. Ke4 Kg7 57. Kd4 Be6 58. Rxa6 Bg4 1/2-1/2